| 000 | 00370cam a22001217a 4500 | ||
|---|---|---|---|
| 008 | 180718b1952 xxu||||| |||| 00| 0 eng d | ||
| 082 | _aA81x5411 In2/51/9 | ||
| 100 | _aCensus of India 1951 | ||
| 245 | _aAssam district census handbook, Naga Hills | ||
| 260 |
_aGauhati _bSuperintendent, Census Operations _c1952 |
||
| 300 | _a98+p. | ||
| 440 | _aCensus of India 1951. Assam | ||
| 999 |
_c483651 _d483651 |
||